| 000 -LEADER | |
|---|---|
| fixed length control field | 00447nam a22001697a 4500 |
| 005 - DATE AND TIME OF LATEST TRANSACTION | |
| control field | 20180521130524.0 |
| 008 - FIXED-LENGTH DATA ELEMENTS--GENERAL INFORMATION | |
| fixed length control field | 160630b xxu||||| |||| 00| 0 eng d |
| 020 ## - INTERNATIONAL STANDARD BOOK NUMBER | |
| ISBN | 81-219-2231-1 |
| 041 ## - LANGUAGE CODE | |
| Language code of text/sound track or separate title | eng |
| 082 ## - DEWEY DECIMAL CLASSIFICATION NUMBER | |
| Item number | 19675 |
| Classification number | 511.1 |
| 100 ## - MAIN ENTRY--AUTHOR NAME | |
| Personal name | Sarkar, Dr Swapan Kumar |
| 245 ## - TITLE STATEMENT | |
| Title | A Text Book of Discrete Mathmatics` |
| 260 ## - PUBLICATION, DISTRIBUTION, ETC. (IMPRINT) | |
| Place of publication | New Delhi |
| Name of publisher | Sultan Chand & Sons, |
| Year of publication | 2013 |
| 300 ## - PHYSICAL DESCRIPTION | |
| Number of Pages | 813 |
| 650 ## - SUBJECT ADDED ENTRY--TOPICAL TERM | |
| Topical Term | Diploma Engineering |
| 942 ## - ADDED ENTRY ELEMENTS (KOHA) | |
| Koha item type | Books |
| Lost status | Damaged status | Collection code | Home library | Shelving location | Date acquired | Cost, normal purchase price | Full call number | Accession Number | Koha item type | Current library | Source of acquisition |
|---|---|---|---|---|---|---|---|---|---|---|---|
| CS/IT | JRU Library | SHELF-57-C | 30/06/2016 | 400.00 | 511.1 | 19675 | Books | ||||
| Reference | JRU Library | 30/06/2016 | 400.00 | 511.1 | 19676 | Books | JRU Library | ||||
| CS/IT | JRU Library | SHELF-57-C | 30/06/2016 | 400.00 | 511.1 | 19677 | Books | ||||
| CS/IT | JRU Library | SHELF-57-C | 30/06/2016 | 400.00 | 511.1 | 19678 | Books | ||||
| JRU Library | Shelf - 11 - H | 30/06/2016 | 400.00 | 511.1 | 19679 | Books | |||||
| CS/IT | JRU Library | SHELF-57-C | 30/06/2016 | 400.00 | 511.1 | 19680 | Books | JRU Library | |||
| CS/IT | JRU Library | SHELF-57-C | 30/06/2016 | 400.00 | 511.1 | 19681 | Books | ||||
| CS/IT | JRU Library | SHELF-57-C | 30/06/2016 | 400.00 | 511.1 | 19682 | Books | JRU Library | PURCHASE | ||
| JRU Library | Shelf - 11 - H | 30/06/2016 | 400.00 | 511.1 | 19683 | Books | |||||
| CS/IT | JRU Library | SHELF-57-C | 30/06/2016 | 400.00 | 511.1 | 19684 | Books | JRU Library |